| 000 | 01214cam a2200325 a 4500 | ||
|---|---|---|---|
| 001 | 15032532 | ||
| 003 | OSt | ||
| 005 | 20180918154642.0 | ||
| 008 | 071003s2009 mau 001 0 eng | ||
| 010 | _a 2007938681 | ||
| 020 | _a9781413033083 | ||
| 020 | _a1413033083 | ||
| 040 |
_aDLC _cDLC _dDLC |
||
| 050 | 0 | 0 |
_aPN6014 _b.A77 2009 |
| 245 | 0 | 0 |
_aPerrine's literature : _bstructure, sound, and sense / _c[compiled by] Thomas R. Arp, Greg Johnson. |
| 250 | _a10th ed. | ||
| 260 |
_aBoston, MA : _bWadsworth Cengage Learning, _cc2009. |
||
| 300 |
_axxxi, 1696 p. ; _c23 cm. |
||
| 500 | _aIncludes index. | ||
| 650 | 0 |
_aLiterature _vCollections. |
|
| 700 | 1 | _aArp, Thomas R. | |
| 700 | 1 |
_aJohnson, Greg, _d1953- |
|
| 700 | 1 |
_aPerrine, Laurence. _tLiterature. |
|
| 856 | 4 | 2 |
_3Contributor biographical information _uhttp://www.loc.gov/catdir/enhancements/fy1104/2007938681-b.html |
| 856 | 4 | 2 |
_3Publisher description _uhttp://www.loc.gov/catdir/enhancements/fy1104/2007938681-d.html |
| 856 | 4 | 1 |
_3Table of contents only _uhttp://www.loc.gov/catdir/enhancements/fy1215/2007938681-t.html |
| 906 |
_a7 _bcbc _corignew _d3 _eepcn _f20 _gy-gencatlg |
||
| 942 |
_2lcc _cBK |
||
| 999 |
_c53622 _d53622 |
||